Statistics for Country Translation: Indonesian

Click here to take the quiz!

General Stats

  • This quiz has been taken 147 times
  • The average score is 13 of 15

Answer Stats

IndonesianEnglish% Correct
SpanyolSpain
99%
JermanGermany
98%
JepangJapan
98%
Afrika SelatanSouth Africa
98%
PerancisFrance
92%
YamanYemen
92%
SiprusCyprus
91%
MesirEgypt
84%
TiongkokChina
82%
BelandaNetherlands
80%
MaladewaMaldives
78%
AljazairAlgeria
76%
CekoCzechia
76%
YunaniGreece
75%
Guinea KhatulistiwaEquatorial Guinea
68%

Score Distribution

Percentile by Number Answered

Percent of People with Each Score

Your Score History

You have not taken this quiz